00788nam a22001697a 4500020001800000040000600018082001600024100002900040245011100069260003400180300001000214505018600224650004400410942001300454999001900467952013200486 a9780134431796 c0 a621.382,HEA aHeath, Robert W.9118518 aIntroduction to wireless digital communication :ba signal processing perspective /cRobert W. Heath, Jr, aPrentice HallbNew Yorkc2017 a499 p a1. Introduction, 2. An Overview of Digital Communication, 3. Signal Processing Fundamentals, 4. Digital Modulation and Demodulation, 5. Dealing with Imapirments, MIMO Communication. awireless digital communication 9118519 2ddccREF c606747d606747 00102ddc4070aMCSbMCScREFd2023-10-20o621.382,HEApMCS38755r2025-03-26w2023-10-20yREFzAlmirah Fresh No.45, Shelf No.3